000 00786nam a22002057a 4500
999 _c17484
_d17484
003 AR-CdUCM
008 190228b ||||| |||| 00| 0 spa d
040 _aMUNICIPALIDAD PROVINCIAL DEL CUSCO
_cBIBLIOTECA MUNICIPAL DEL CUSCO
082 _a373.39 /
_bV52
100 _aVerniers, L.
_96630
245 _aMetodología de la historia /
260 _aBuenos aires ;
_bEdit. Losada;
_c1949.
300 _a96 paginas ;
_c20 cm.
505 _a Contenido : Que es la historia -- El fin de la educación en general -- Los manuales de la historia -- Los métodos de enseñanza de la historia -- El fin de la enseñanza histórica ...
650 _aHistoria general
_92009
650 _aMetodología
_92264
650 _aManuales de la historia
_937525
942 _2ddc
_cLIBROS
945 _arcc